حلية الأبدال / (رقم التسجيلة. 87227)

تفاصيل مارك
000 -الفاتح
عناصر البيانات ثابتة الطول 00657cam a2200193 i 4500
005 - تاريخ ووقت آخر معاملة
حقل ضبط 20251231113548.0
008 - عناصر البيانات ثابتة الطول
عناصر البيانات ثابتة الطول 250721s2003 sy gr 000 0 ara d
082 14 - رقم تصنيف ديوي العشري
رقم التصنيف 219
رقم المادة ع ر ب
100 1# - مدخل رئيسي – اسم شخصي
الاسم الشخصي إبن عربي، محي الدين أبو بكر محمد بن علي
علاقة الشخص بالعمل/ دوره مؤلف.
245 10 - بيان العنوان
العنوان حلية الأبدال /
250 ## - بيان الطبعة
بيان الطبعة الطبعة الاولى.
264 31 - بيانات النشر، التوزيع…إلخ
مكان النشر، التوزيع...إلخ دمشق :
اسم الناشر، الموزع...إلخ دار المحبة،
تاريخ النشر، التوزيع...إلخ 2003.
300 ## - الوصف المادي
عدد الوحدات المكونة للوعاء 85صفحة.
650 17 - مدخل إضافي بالموضوع - مصطلح موضوعي
مصطلح موضوعي أو اسم جغرافي كعنصر مدخل التصوف الإسلامي.
650 17 - مدخل إضافي بالموضوع - مصطلح موضوعي
مصطلح موضوعي أو اسم جغرافي كعنصر مدخل الفلسفة الإسلامية.
700 1# - مدخل إضافي - اسم شخصي
الاسم الشخصي مارديني، عبد الرحيم
علاقة الشخص بالعمل/ دوره محقق.
942 ## - بيانات إضافية (كوها)
نوع التنصيف Dewey Decimal Classification
نوع المادة (كوها) كتب
المقتنيات
حالة السحب حالة الفقدان مصدر التصنيف حالة التلف غير قابل للإعارة المكتبة الرئيسية المكتبة الحالية موقع الرف تاريخ التزويد الرقم المتسلسل Total Checkouts رقم الإستدعاء الباركود تاريخ آخر ظهور تاريخ الفاتورة نوع المادة (كوها)
    Dewey Decimal Classification     المكتبة المركزية المكتبة المركزية الإعارة 28/07/2025 618283   219 / ع ر ب 618283 28/07/2025 28/07/2025 كتب
Implemented & Customized by: BBB with SCIT (Smart Chains for Information Technology)

Powered by Koha